Imiona polskich piłkarzy - Statystyki

Ogólne statystyki
  • Ten quiz został rozwiązany 230 razy
  • Średni wynik to 27 z 45
Statystyki odpowiedzi
Hint Odpowiedź % Poprawnych
Lewandowski Robert
100%
Szczęsny Wojciech
97%
Glik Kamil
90%
Krychowiak Grzegorz
88%
Zieliński Piotr
88%
Milik Arkadiusz
86%
Piątek Krzysztof
86%
Zalewski Nicola
86%
Grosicki Kamil
85%
Cash Matty
84%
Szymański S. Sebastian
74%
Rybus Maciej
73%
Linetty Karol
70%
Grabara Kamil
67%
Bereszyński Bartosz
65%
Bednarek Jan
64%
Buksa Adam
63%
Kiwior Jakub
63%
Skorupski Łukasz
62%
Szymański D. Damian
61%
Moder Jakub
61%
Jóźwiak Kamil
58%
Klich Mateusz
58%
Świderski Karol
57%
Góralski Jacek
56%
Puchacz Tymoteusz
55%
Frankowski Przemysław
54%
Drągowski Bartłomiej
53%
Kędziora Tomasz
51%
Reca Arkadiusz
50%
Gumny Robert
50%
Kownacki Dawid
49%
Salamon Bartosz
48%
Wieteska Mateusz
48%
Bielik Krystian
47%
Żurkowski Szymon
42%
Kozłowski Kacper
41%
Walukiewicz Sebastian
41%
Slisz Bartosz
40%
Płacheta Przemysław
38%
Pestka Kamil
32%
Kun Patryk
31%
Majecki Radosław
30%
Kamiński Marcin
28%
Michalak Konrad
22%
Nie znaleziono quizów pasujących do podanych kryteriów
Rozkład punktacji
Procent ludzi z każdym wynikiem
Percentyl według liczby udzielonych odpowiedzi
Twoja historia wyników
Nie rozwiązałeś tego quizu